书目信息 |
| 题名: |
大学文科数学
|
|
| 作者: | 陈吉象 编著 | |
| 分册: | ||
| 出版信息: | 天津 天津大学出版社 1999.08 |
|
| 页数: | 294页 | |
| 开本: | 26cm | |
| 丛书名: | ||
| 单 册: | ||
| 中图分类: | O13 | |
| 科图分类: | ||
| 主题词: | 高等数学 | |
| 电子资源: | ||
| ISBN: | 7-5618-0650-7 | |
| 000 | 00559nam0 2200193 45 | |
| 001 | 0104250871 | |
| 005 | 20010425084730.9 | |
| 010 | @a7-5618-0650-7@b压膜@dRMB 22.00 | |
| 100 | @a20010425d1999 km y0chiy0120 ea | |
| 101 | 0 | @achi |
| 102 | @aCN@b120000 | |
| 200 | 1 | @a大学文科数学@ADa Xue Wen Ke Shu Xue@f陈吉象编著@FChen Ji Xiang Bian Zhu |
| 210 | @a天津@c天津大学出版社@d1999.08 | |
| 215 | @a294页@d26cm | |
| 606 | 0 | @a高等数学 |
| 690 | @aO13@v3 | |
| 701 | 0 | @a陈吉象@AChen Ji Xiang@4编著 |
| 801 | @aCN@bPftUser@c20010425 | |
| 905 | @dO13@eCH889@b340059-061@f3 | |
| 大学文科数学/陈吉象编著.-天津:天津大学出版社,1999.08 |
| 294页;26cm |
| ISBN 7-5618-0650-7(压膜):RMB 22.00 |
| ● |
| 相关链接 |
|
|
|
正题名:大学文科数学
索取号:O13/CH889
 
预约/预借
| 序号 | 登录号 | 条形码 | 馆藏地/架位号 | 状态 | 备注 |
| 1 | 0067500 | 200675000 | 自科库401/401自科库 106排2列4层/ [索取号:O13/CH889] | 在馆 | |
| 2 | 67502 | 200675028 | 自科库401/401自科库 106排2列4层/ [索取号:O13/CH889] | 在馆 | |
| 3 | 67503 | 200675037 | 自科二线504/504自科库 49排6列3层/ [索取号:O13/CH889] | 在馆 | |
| 4 | 67504 | 200675046 | 自科二线504/504自科库 49排6列3层/ [索取号:O13/CH889] | 在馆 | |
| 5 | 67505 | 200675055 | 自科二线504/504自科库 49排6列3层/ [索取号:O13/CH889] | 在馆 | |
| 6 | 67506 | 200675064 | 自科二线504/504自科库 49排6列3层/ [索取号:O13/CH889] | 在馆 | |
| 7 | 67507 | 200675073 | 自科二线504/504自科库 49排6列3层/ [索取号:O13/CH889] | 在馆 | |
| 8 | 67508 | 200675082 | 自科二线504/504自科库 49排6列3层/ [索取号:O13/CH889] | 在馆 |